000 00305nam a2200133Ia 4500
008 190216s9999||||xx |||||||||||||| ||und||
100 _aJhingan M L
245 0 _aMacroeconomic Theory
250 _aTWELVETH EDI
260 _bVrinda Pub
_c2013
300 _a550
650 _aMacroeconomics
942 _cBK
999 _c11258
_d11258